000 00661cam a22002413a 4500
001 8126
003 PGUSA
005 20140828083152.0
008 050501s2005||||xxu|||||s|||||000 1 eng d
040 _aPGUSA
_beng
042 _adc
050 4 _aPT
100 1 _aStifter, Adalbert,
_d1805-1868
245 1 0 _aDer Nachsommer
_h[electronic resource] /
_cAdalbert Stifter
260 _bProject Gutenberg,
_c2005
506 _aPublic domain in the USA.
516 _aElectronic text
653 _aVienna (Austria) -- Fiction
653 _aBildungsromans
830 0 _aProject Gutenberg
_v8126
856 4 0 _uhttp://www.gutenberg.org/ebooks/8126
942 _cEB
999 _c237426
_d237426